Named Weapons from Tolkien's Middle-Earth - Statistics

General Stats
  • This quiz has been taken 301 times
  • The average score is 5 of 14
Answer Stats
Hint Answer % Correct
Knife made in Gondolin, much later found in a troll hoard and used by Bilbo and Frodo Baggins in the Third Age Sting
94%
Elendil's sword, broken in combat with Sauron and it's shard used to cut the One Ring from Sauron's hand Narsil
73%
The shards of Elendil's sword reforged for Aragorn in The War of The Ring, renamed to mean flame of the west Andúril
72%
King Turgon's sword, later found and used by Gandalf Glamdring
68%
Sword from Gondolin, found in a troll hoard, used by Thorin Oakenshield Orcrist
50%
The hammer of the underworld, Morgoth's mace Grond
45%
Gil-galad's spear Aeglos
24%
Sword made by Eöl the dark elf, given to King Thingol, later used by Beleg and Turin Anglachel / Gurthang
24%
High King Fingolfin's sword, used in battle against Morgoth Ringil
17%
Knife of Curufin, made by Telchar, used to cut a Silmaril from Morgoth’s crown Angrist
15%
Éomer's sword Gúthwinë
13%
Théoden's sword Herugrim
13%
Sword made and kept by Eöl, taken by his son Maeglin Anguirel
9%
King Thingol's sword, later used by the king of Númenor Aranrúth
8%
No matching quizzes found
Score Distribution
Percent of People with Each Score
Percentile by Number Answered
Your Score History
You have not taken this quiz